000
00321nam a22001337a 4500
008
170609b xxu||||| |||| 00| 0 eng d
020
_a
2900547147016
041
_a
eng
080
_2
9TH
_a
32
100
_a
19
101
_a
SHP
245
_a
WESTERN CIVILIZATION : IDEAS,POLITICS, AND SOCIETY
_c
PERRY.M
942
_2
udc
_c
BK
999
_c
16735
_d
16735